00629nam a2200169 a 450000100100000000500170001000800410002704000250006808200150009310000280010824501030013626000310023930000270027050000320029795201130032999900170044200004456720201002045452.0140717s1967 sp a 000 0 spa d aDO-SdBNPbspacBNPHU axxxxbxxxx1 aCalle, Ramiro A.96897210aYoga :brefugio y esperanza /cRamiro A. Calle ; portada e ilustraciones de José Manuel Muñoz. aBarcelona :bCedel,c1967. a301 P. :bil ;c17 cm. aBibliografía : p. 290-296 001050718MOaGRbGRcCTd2014-07-17iLF1l0oxxxx xxxxp44567-10r2020-06-25w2020-06-25y1ZNo se presta c44056d44056